000 00357nam a2200145Ia 4500
005 20251222153546.0
008 251222s9999||||xx |||||||||||||| ||spa||
020 _a8480882980
082 _a370/B73
100 _aBooher, Diana
245 0 _aDiscurso para todas las Ocasiones
250 _a1ra.ed.
264 _bEdiciones Gestión 2000,S.A.
942 _cLIB
999 _c30647
_d30647